| 000 | 00535nam a2200181Ia 4500 | ||
|---|---|---|---|
| 008 | 240729s9999 xx 000 0 und d | ||
| 022 | _a2288-1778 | ||
| 245 | 0 | _aJournal of Exercise Rehabilitation | |
| 260 | _aKorea, Republic of | ||
| 260 | _bKorean Society of Exercise Rehabilitation | ||
| 650 | _a Internal medicine | ||
| 650 | _a Special situations and conditions | ||
| 650 | _a Sports medicine | ||
| 650 | _aMedicine | ||
| 856 | _uhttps://doaj.org/toc/d0b7e73bc8bd407f8484ebee9370a89e | ||
| 942 | _2ddc | ||
| 942 | _cDOAJEJ | ||
| 999 |
_c66597 _d66597 |
||
| 945 |
_a1 _bMadushi Gamage _c1 _dMadushi Gamage |
||